01163nam a2200253 a 450000100100000000500170001000800410002702000150006804000250008308200170010810000390012524500950016424601120025925000260037126000590039730000210045659000260047750000700050350001370057365000200071070000470073095201150077799900170089200004734220201002060506.0180504s2004 dr 000 0 spa d a9945850806 aDO-SdBNPbspacBNPHU a149.3bV732r1 aVillegas Quintero, Efraín.9203310aRevolución integral /cEfraín Villegas Quintero ; prólogo Antonio Mosquera Ameneiro.14aRevolución integral :bla mejor revolución sin armas y sin violencia, la revolución de la conciencia. a6a. ed., amp. y corr. aSanto Domingo :bIrmgard Radefeldt de Villegas,c2004. a440 p. ;c24 cm. aInventariado, 2018/VM aIncluye datos biográficos del autor en la solapa de la cubierta a"Lo contrario del amor es el odio, por lo cual nunca odies a nadie para que nunca jamás te alejes de Dios que es amor" V.M. Desoto 4aOcultismo923951 aMosquero Ameneiro, Antonioepról.975005 0010718PDaPDbPDcHDd2018-05-04iLF1l0o149.3 V732rp47342-10r2020-06-25w2020-06-25yLFPDZNo se presta c46830d46830